Statistics for F1 Quiz

Click here to take the quiz!

General Stats

  • This quiz has been taken 144 times
  • The average score is 16 of 40

Answer Stats

HintAnswer% Correct
Who lost the 2007 championship by one point?Lewis Hamilton
96%
Who scored their first podium at the 2017 Azerbaijan GP?Lance Stroll
61%
Who said, "Magnussen is, and will always be stupid, its a fact."Charles Leclerc
58%
Who lost to Lewis Hamilton in 2008 by one point?Felipe Massa
58%
Who won the 2007 Constructors championship?Ferrari
58%
Who holds the record for the longest break between race wins?Kimi Raikkonen
58%
What is Kimi Raikkonen's nickname?Iceman
57%
Who filled in for Fernando Alonso at the 2017 Monaco GP?Jenson Button
51%
Before Charles Leclerc in 2019, who was the last Ferrari driver to win at Monza?Fernando Alonso
50%
What was the last non-Red Bull or Mercedes team to win the constructors championship?Brawn GP
49%
Who was Jenson Button fighting for the championship in 2009?Sebastian Vettel
49%
Verstappen's win in Austria 2019 was the first Honda-powered car winning since what year?2006
48%
Who did Max Verstappen collide with at the 2018 Brazilian GP to lose the lead?Esteban Ocon
46%
Where did Nico Hulkenberg get his first pole position in qualifying?Brazil
45%
Fill in the blank, "I think ________ hit us"Ericsson
45%
Fill in the blank of this quote by Sebastian Vettel, "He came at me like a ________"Torpedo
45%
How many points did Williams score in 2018?7
44%
Who accused Renault of forcing him to crash in order to let Alonso win the first Singapore GP in 2008?Nelson Piquet Jr.
43%
Which race was Alex Albon's first in a Red Bull car for 2019?Belgium
42%
Who won the chaotic and rainy 2014 Hungarian GP?Daniel Ricciardo
42%
What brand new country is to be visited in the 2020 F1 season?Vietnam
42%
What is Mika Hakkinen's nickname?The Flying Finn
40%
What caused controversy between Mark Webber and Sebastian Vettel at the 2013 Malaysian GP?Multi 21
39%
Who was the team principal that decided to let rookie Lewis Hamilton be one of team's drivers?Ron Dennis
37%
Where did the two Force India drivers collide first in 2017?Azerbaijan
33%
Who scored their only podium at the 2012 Japanese GP?Kamui Kobayashi
33%
What track did Michael Schumacher, most likely, purposely stopped in order to retain pole position from Fernando Alonso?Monaco
33%
Who was the last driver to win a race for Williams?Pastor Maldonado
33%
Where did Red Bull win its first F1 race?China
32%
Who was catching Fernando Alonso in the final laps of the 2012 Malaysian GP, where he'd to go on to achieve his first podium?Sergio Perez
32%
Which country protested F1 coming to race there in 2012 due to an internal political crisis?Bahrain
31%
Along with Kimi Raikkonen, what other F1 driver on the 2019 grid raced in rally before?Robert Kubica
31%
Where was Romain Grosjean born?Switzerland
31%
Where was Daniil Kvyat's final race with Red Bull?Russia
30%
Who was Daniel Ricciardo's teammate at Toro Rosso that challenged him to a seat at Red Bull?Jean-Eric Vergne
26%
At which track did Mark Webber score his last win?Silverstone
25%
Who was Fernando Alonso appalled by when saying the quote, "Hulkenberg was right!"Kevin Magnussen
24%
Other than Fernando Alonso and Nico Hulkenberg, what other F1 Driver from the 2018 grid has won the Le Mans 24 Hours Endurance race?Brendon Hartley
17%
Which track was added to the calendar in 2012, after an absence in its country since 2007?Circuit of the Americas
15%
What does Sebastian call his 2019 Ferrari SF90?Lina
10%

Score Distribution

Percentile by Number Answered

Percent of People with Each Score

Your Score History

You have not taken this quiz